000 00642nam a2200229Ia 4500
003 GCL
008 140319s9999 xx 000 0 eng d
020 _a0810963884
040 _aGCL /
_cGCL
082 0 4 _a747.75
_bW H
100 1 _aEINSIEDEL, ANDREAS VON
245 1 0 _aHISTORIC INTERIORS OF ENGLAND, WALES, AND NORTHERN IRELAND /
_cEINSIEDEL, ANDREAS VON
260 _aنيويورك :
_bHARRY N. ABRAMS.
300 _a144 P
_b` ؛
_c16 cm.
650 0 4 _aINTERIOR ARCHITTECTURE
650 0 4 _aHALLS
650 0 4 _aBEDROOMS
650 0 4 _aINTERIOR DECORATION
650 0 4 _aINTERIOR DESIGN
650 0 4 _aLIVING ROOMS
942 _2ddc
_cBK
999 _c6607
_d6607